Corps locaux

Guardado en:
Detalles Bibliográficos
Autor principal: Serre, Jean-Pierre (Autor)
Formato: Libro
Lenguaje:francés
Publicado: París Hermann 1968
Edición:3a. ed
Colección:Publications de l'Institut de Mathématique de l'Universite de Nancago
Materias:
Etiquetas: Agregar Etiqueta
Sin Etiquetas, Sea el primero en etiquetar este registro!

MARC

LEADER 00000nam a2200000 a 4500
001 UCP1388
003 CL-VaPUC
008 990409e19680000FR |||||||||||||||||fre|d
082 0 4 |a 512.2  |b SER  |2 21 
100 0 |a Serre, Jean-Pierre  |e author  |9 427410 
245 1 0 |a Corps locaux 
250 |a 3a. ed 
300 |a 245 p 
942 |c BK 
945 |d 19990409 00:00:00  |a crobeson 
260 |a París  |b Hermann  |c 1968 
650 7 |a CUERPOS LOCALES  |2 CL-VaPUC  |9 427411 
650 7 |a TEORIA DE CUERPOS  |2 CL-VaPUC  |9 342208 
650 0 |a Vectores   |x Polinomios   |9 427412 
650 0 |a Teoría de grupos   |9 270028 
650 7 |a GRUPOS DE BRAUER  |2 CL-VaPUC  |9 423334 
650 0 |a Álgebra lineal   |9 260445 
583 |a last modification  |c 19990409 00:00:00  |k Rodrigo Vera 
490 0 |a Publications de l'Institut de Mathématique de l'Universite de Nancago 
999 |c 280069  |d 280067 
952 |0 0  |1 0  |4 0  |6 512_200000000000000_SER_1968  |7 0  |8 A  |9 320064  |a BIBMAT  |b BIBMAT  |d 2019-11-20  |i 1340328  |o 512.2 SER 1968  |p 1340328  |r 2025-01-07  |w 2019-11-20  |y BK  |k MAT 
952 |0 0  |1 0  |4 0  |6 512_200000000000000_SER_1968  |7 0  |8 A  |9 320065  |a BIBMAT  |b BIBMAT  |d 2019-11-20  |i 361977K  |o 512.2 SER 1968  |p 361977K  |r 2025-01-07  |w 2019-11-20  |y BK  |k MAT